000 00596nam a2200181Ia 4500
008 090201s9999 xx 000 0 und d
010 _aKPL-67939
040 _bमराठी
041 _aमराठी
082 _a45855
_b67939
100 _aअनिल गुजर
245 _aएका वाईट माणसाची गुढकथा
_cअनिल गुजर
250 _a1
260 _c2005
_bमनोरमा प्रकाशन
300 _a320
_bमोठा
600 _aएका वाईट माणसाची गुढकथा
942 _cBOOK
999 _c242746
_d242746